| 000 | 02658 a2200217 4500 | ||
|---|---|---|---|
| 001 | 39680 | ||
| 005 | 20260407155653.0 | ||
| 008 | 260407a arg spa d | ||
| 003 | AR-UNSa-BCEJYS | ||
| 040 |
_aAR-UNSa-BCEJYS _bspa _cAR-UNSa-BCEJYS |
||
| 080 |
_a711.4 _xOrdenación urbana. Desarrollo urbano. Áreas edificadas. Conurbaciones. Asentamientos |
||
| 245 | 1 | 0 | _aLa compensación urbanistica, principio y sistema |
| 020 | _a84-7088-416-6 | ||
| 264 | 1 |
_aMadrid : _bInstituto de Estudios de Administración Local |
|
| 300 |
_a529 p. _c21 cm. |
||
| 505 | _aParte I: Consideraciones preliminares sobre la compensación urbanistica : 1. El principio de compensación dentro del marco de los principios informantes de la legislación urbanistica - 2. La fuente legal del sistema de compensación - 3. Concepto, definición legal y caracteres del sistema de compensación - 4. Elección y adopción del sistema de compensación - 5. Los sujetos del sistema de compensación - 6. El contenido del sistema(I). Las cargas urbanisticas - derecho de los propietarios - 7. El contenido del sistema (II). Los deberes de los propietarios - 8. La actuación efectiva del contenido a través del cumplimiento de las cargas urbanisticas - Parte II: La junta de compensación como estructura personificante del sistema(I) la estática de la junta de compensación : 9. Formación, constitución y clasificación de la junta de compensación - 10. La naturaleza jurídica de la junta de compensación - 11. Los estatutos de la junta de compensación - 13. Las bases de actuación de la junta - Parte III: La junta de compensación en funcionamiento (II) La dinámica de la junta de compensación : 13. El proyecto de compensación - 14. La cesión de terrenos y obras de urbanización - 15. La ejecución y costeamiento de las obras de urbanización - 16. La adjudicación de los solares y la carga de edificar - 17. La conservación de la urbanización como carga de la junta de compensación - 18. Trasformación y extinción de la junta de compensación - Parte IV: regimen jurídico y fiscal de las juntas de compensación: 19. El regimen fiscal de las transmisiones de terrenos y adjudicaciones de salores en las juntas de compensación - 20. Regimen legal de responsabilidades, acciones y recursos - Parte V: La ley 4/84, de 10 de febrero, de la comunidad autonoma de Madrid : 21. Sistema de compensación y costos de urbanización de 10 po 100 de aprovechamiento medio en la ley 4/84, de 10 de febrero, de la comunidad autonoma de Madrird. | ||
| 041 | _aspa | ||
| 942 | _cBK | ||
| 590 | _aniveau_biblio:m niveau_hierar:0 | ||
| 100 | 1 | _aMartín Blanco, Jose S. | |
| 999 |
_c3078 _d3078 |
||